| 000 | 00576cam a22001811 4500 | ||
|---|---|---|---|
| 001 | 000001474 | ||
| 005 | 20200929145605.0 | ||
| 008 | 750714s1950 xx 000 0 eng | ||
| 040 |
_aDO-SdBNP _bspa _cBNPHU |
||
| 100 | 1 |
_aToulmin, Stephen Edelston _94872 |
|
| 245 | 1 | 3 |
_aAn examination of the place of reason in ethics, / _cby Stephen Edelston Toulmin. |
| 260 |
_aCambridge [Eng.] : _bUniversity Press, _c[1950]. |
||
| 300 |
_axiv, 228 p. ; _c22 cm. |
||
| 500 | _aOn spine: Reason in ethics. | ||
| 650 | 0 |
_aEthics _94873 |
|
| 650 | 0 |
_aReason _94874 |
|
| 740 | 0 | _aReason in ethics. | |
| 999 |
_c1382 _d1382 |
||